[Event "Rapid 2018"]
[Site "Saint-Petersburg"]
[Date "2018.12.28"]
[Round "12"]
[Board "50"]
[White "Yilmaz Mustafa (TUR)"]
[Black "Grachev Boris (RUS)"]
[Result "0-1"]
[LiveChessVersion "1.4.8"]
[BlackElo "2669"]
[WhiteElo "2546"]

1. d4 {[%clk 0:15:18]} d5 {[%clk 0:15:01]} 2. c4 {[%clk 0:15:26]} e6
{[%clk 0:15:10]} 3. Nc3 {[%clk 0:15:25]} a6 {[%clk 0:15:18]} 4. cxd5
{[%clk 0:15:18]} exd5 {[%clk 0:15:26]} 5. Qb3 {[%clk 0:15:25]} c5
{[%clk 0:15:35]} 6. Nf3 {[%clk 0:15:10]} Nc6 {[%clk 0:14:10]} 7. dxc5
{[%clk 0:13:37]} Bxc5 {[%clk 0:13:06]} 8. Bg5 {[%clk 0:10:06]} Nge7
{[%clk 0:12:37]} 9. e3 {[%clk 0:08:42]} Be6 {[%clk 0:12:34]} 10. Qd1
{[%clk 0:06:21]} h6 {[%clk 0:11:59]} 11. Bh4 {[%clk 0:06:13]} d4 {[%clk 0:11:07]}
12. exd4 {[%clk 0:06:16]} Nxd4 {[%clk 0:11:13]} 13. Bd3 {[%clk 0:05:37]} Ndf5
{[%clk 0:09:35]} 14. Bxe7 {[%clk 0:04:09]} Qxe7 {[%clk 0:08:41]} 15. O-O
{[%clk 0:04:17]} O-O {[%clk 0:08:31]} 16. Re1 {[%clk 0:04:21]} Rad8
{[%clk 0:07:46]} 17. Qc2 {[%clk 0:03:57]} Nd4 {[%clk 0:07:03]} 18. Nxd4
{[%clk 0:04:06]} Bxd4 {[%clk 0:06:23]} 19. Bc4 {[%clk 0:02:23]} Rd6
{[%clk 0:04:48]} 20. Bxe6 {[%clk 0:01:39]} Rxe6 {[%clk 0:04:56]} 21. Rxe6
{[%clk 0:01:32]} Qxe6 {[%clk 0:05:04]} 22. Rd1 {[%clk 0:01:04]} Rc8
{[%clk 0:04:34]} 23. g3 {[%clk 0:01:02]} Bf6 {[%clk 0:04:12]} 24. Rd3
{[%clk 0:00:48]} Qxa2 {[%clk 0:04:14]} 25. Qd2 {[%clk 0:00:31]} Bxc3
{[%clk 0:03:23]} 26. Rd8+ {[%clk 0:00:30]} Rxd8 {[%clk 0:03:29]} 27. Qxd8+
{[%clk 0:00:38]} Kh7 {[%clk 0:03:38]} 28. Qd3+ {[%clk 0:00:46]} g6
{[%clk 0:03:42]} 29. Qxc3 {[%clk 0:00:55]} Qb1+ {[%clk 0:03:41]} 30. Kg2
{[%clk 0:01:04]} Qe4+ {[%clk 0:03:49]} 31. f3 {[%clk 0:01:09]} Qe2+
{[%clk 0:03:54]} 32. Kg1 {[%clk 0:01:14]} Qd1+ {[%clk 0:03:12]} 33. Kg2
{[%clk 0:01:20]} Qd5 {[%clk 0:03:19]} 34. g4 {[%clk 0:01:25]} a5 {[%clk 0:03:21]}
35. h4 {[%clk 0:01:15]} a4 {[%clk 0:02:11]} 36. Qf6 {[%clk 0:00:26]} b5
{[%clk 0:01:47]} 37. Qc3 {[%clk 0:00:15]} Qc4 {[%clk 0:01:48]} 38. Qf6
{[%clk 0:00:18]} b4 {[%clk 0:01:15]} 39. h5 {[%clk 0:00:26]} gxh5
{[%clk 0:01:23]} 40. Qf5+ {[%clk 0:00:12]} Kg8 {[%clk 0:01:29]} 41. Qxh5
{[%clk 0:00:12]} Qe2+ {[%clk 0:01:12]} 42. Kg3 {[%clk 0:00:20]} Qe1+
{[%clk 0:01:20]} 43. Kg2 {[%clk 0:00:21]} Qd2+ {[%clk 0:01:28]} 44. Kg3
{[%clk 0:00:27]} Qg5 {[%clk 0:01:16]} 45. Qh2 {[%clk 0:00:36]} Qe5+
{[%clk 0:01:13]} 46. f4 {[%clk 0:00:45]} Qe3+ {[%clk 0:01:16]} 47. Kh4
{[%clk 0:00:53]} a3 {[%clk 0:00:51]} 48. bxa3 {[%clk 0:01:02]} bxa3
{[%clk 0:01:00]} 49. g5 {[%clk 0:00:36]} hxg5+ {[%clk 0:00:52]} 50. Kxg5
{[%clk 0:00:45]} Qe7+ {[%clk 0:00:54]} 51. Kg4 {[%clk 0:00:51]} Qf6
{[%clk 0:00:42]} 52. Qd2 {[%clk 0:00:33]} Kg7 {[%clk 0:00:27]} 53. Qa5
{[%clk 0:00:31]} Qe6+ {[%clk 0:00:22]} 54. f5 {[%clk 0:00:25]} Qe2+
{[%clk 0:00:26]} 55. Kf4 {[%clk 0:00:32]} Qf2+ {[%clk 0:00:33]} 56. Ke4
{[%clk 0:00:32]} Qb2 {[%clk 0:00:25]} 57. f6+ {[%clk 0:00:30]} Kh6
{[%clk 0:00:19]} 58. Qa7 {[%clk 0:00:21]} Qe2+ {[%clk 0:00:19]} 59. Kf4
{[%clk 0:00:26]} Qc4+ {[%clk 0:00:26]} 60. Kg3 {[%clk 0:00:31]} Qb3+
{[%clk 0:00:21]} 61. Kh4 {[%clk 0:00:31]} Qc4+ {[%clk 0:00:21]} 62. Kg3
{[%clk 0:00:35]} a2 {[%clk 0:00:24]} 63. Qa8 {[%clk 0:00:34]} Qc3+
{[%clk 0:00:25]} 64. Kg4 {[%clk 0:00:42]} Qd4+ {[%clk 0:00:33]} 65. Kf5
{[%clk 0:00:47]} Qf2+ {[%clk 0:00:36]} 66. Kg4 {[%clk 0:00:53]} Qg1+
{[%clk 0:00:37]} 67. Kh4 {[%clk 0:00:39]} Qg5+ {[%clk 0:00:34]} 68. Kh3
{[%clk 0:00:48]} Qf5+ {[%clk 0:00:33]} 69. Kg3 {[%clk 0:00:52]} Qg6+
{[%clk 0:00:28]} 70. Kh3 {[%clk 0:00:53]} Qd3+ {[%clk 0:00:19]} 71. Kh4
{[%clk 0:00:59]} Qd4+ {[%clk 0:00:26]} 72. Kg3 {[%clk 0:00:52]} a1=Q
{[%clk 0:00:23]} 73. Qh1+ {[%clk 0:00:24]} Kg6 {[%clk 0:00:21]} 0-1

[Event "Rapid 2018"]
[Site "Saint-Petersburg"]
[Date "2018.12.28"]
[Round "12"]
[Board "51"]
[White "Khusnutdinov Rustam (KAZ)"]
[Black "Pantsulaia Levan (GEO)"]
[Result "0-1"]
[LiveChessVersion "1.4.8"]
[BlackElo "2652"]
[WhiteElo "2530"]

1. e4 {[%clk 0:15:19]} c5 {[%clk 0:15:17]} 2. Nf3 {[%clk 0:15:27]} e6
{[%clk 0:15:24]} 3. d4 {[%clk 0:15:35]} cxd4 {[%clk 0:15:32]} 4. Nxd4
{[%clk 0:15:44]} a6 {[%clk 0:15:41]} 5. Nc3 {[%clk 0:15:51]} b5 {[%clk 0:15:47]}
6. Bd3 {[%clk 0:15:59]} Bb7 {[%clk 0:15:53]} 7. O-O {[%clk 0:16:06]} Nc6
{[%clk 0:16:01]} 8. Nxc6 {[%clk 0:14:57]} Bxc6 {[%clk 0:16:09]} 9. Re1
{[%clk 0:15:06]} Bc5 {[%clk 0:16:14]} 10. Be3 {[%clk 0:13:14]} Bxe3
{[%clk 0:16:21]} 11. Rxe3 {[%clk 0:13:22]} Ne7 {[%clk 0:16:28]} 12. Qh5
{[%clk 0:13:03]} Ng6 {[%clk 0:16:29]} 13. a4 {[%clk 0:11:05]} b4 {[%clk 0:15:56]}
14. Ne2 {[%clk 0:11:14]} Qf6 {[%clk 0:15:04]} 15. e5 {[%clk 0:09:37]} Qe7
{[%clk 0:13:56]} 16. Qg4 {[%clk 0:06:27]} O-O {[%clk 0:12:50]} 17. Qh5
{[%clk 0:05:25]} Qc5 {[%clk 0:11:26]} 18. Nf4 {[%clk 0:05:05]} Qd4
{[%clk 0:06:45]} 19. Nh3 {[%clk 0:03:24]} h6 {[%clk 0:06:00]} 20. Rae1
{[%clk 0:03:24]} Bxa4 {[%clk 0:04:00]} 21. Rg3 {[%clk 0:02:52]} Rac8
{[%clk 0:03:59]} 22. Rxg6 {[%clk 0:01:38]} fxg6 {[%clk 0:03:49]} 23. Qxg6
{[%clk 0:01:47]} Rfe8 {[%clk 0:02:10]} 24. Qh7+ {[%clk 0:01:05]} Kf8
{[%clk 0:02:19]} 25. Bg6 {[%clk 0:01:03]} Qd2 {[%clk 0:01:28]} 26. Ra1
{[%clk 0:00:55]} b3 {[%clk 0:00:55]} 27. Qh8+ {[%clk 0:00:21]} Ke7
{[%clk 0:01:04]} 28. Qxg7+ {[%clk 0:00:31]} Kd8 {[%clk 0:01:13]} 29. Qf6+
{[%clk 0:00:23]} Kc7 {[%clk 0:01:04]} 30. cxb3 {[%clk 0:00:26]} Rf8
{[%clk 0:01:10]} 31. Qe7 {[%clk 0:00:15]} Bc6 {[%clk 0:01:09]} 32. Qc5
{[%clk 0:00:14]} Qd5 {[%clk 0:00:35]} 33. Qa7+ {[%clk 0:00:24]} Kd8
{[%clk 0:00:44]} 34. Qb6+ {[%clk 0:00:33]} Ke7 {[%clk 0:00:32]} 35. Qb4+
{[%clk 0:00:42]} d6 {[%clk 0:00:33]} 36. exd6+ {[%clk 0:00:40]} Kd7
{[%clk 0:00:35]} 37. f3 {[%clk 0:00:25]} Rxf3 {[%clk 0:00:44]} 38. Be4
{[%clk 0:00:23]} Rxb3 {[%clk 0:00:25]} 39. Bxd5 {[%clk 0:00:11]} Rxb4
{[%clk 0:00:33]} 0-1

[Event "Rapid 2018"]
[Site "Saint-Petersburg"]
[Date "2018.12.28"]
[Round "12"]
[Board "52"]
[White "Esipenko Andrey (RUS)"]
[Black "Popov Valerij (RUS)"]
[Result "1-0"]
[LiveChessVersion "1.4.8"]
[BlackElo "2531"]
[WhiteElo "2643"]

1. d4 {[%clk 0:15:18]} d5 {[%clk 0:15:19]} 2. Nf3 {[%clk 0:15:26]} e6
{[%clk 0:15:19]} 3. Bf4 {[%clk 0:15:26]} c5 {[%clk 0:15:06]} 4. e3
{[%clk 0:15:32]} Nf6 {[%clk 0:15:06]} 5. Nbd2 {[%clk 0:15:33]} Nc6
{[%clk 0:15:10]} 6. c3 {[%clk 0:15:40]} Bd6 {[%clk 0:15:13]} 7. Bg3
{[%clk 0:15:48]} O-O {[%clk 0:15:20]} 8. Bd3 {[%clk 0:15:56]} b6 {[%clk 0:15:29]}
9. Qe2 {[%clk 0:16:04]} Bb7 {[%clk 0:15:33]} 10. Rd1 {[%clk 0:16:12]} h6
{[%clk 0:15:41]} 11. dxc5 {[%clk 0:15:04]} bxc5 {[%clk 0:15:37]} 12. e4
{[%clk 0:15:10]} Be7 {[%clk 0:15:30]} 13. O-O {[%clk 0:14:57]} Qb6
{[%clk 0:14:02]} 14. exd5 {[%clk 0:15:05]} exd5 {[%clk 0:14:07]} 15. c4
{[%clk 0:15:14]} d4 {[%clk 0:13:52]} 16. Ne4 {[%clk 0:13:56]} Nb4
{[%clk 0:13:37]} 17. Nxf6+ {[%clk 0:13:09]} Bxf6 {[%clk 0:13:37]} 18. Bb1
{[%clk 0:09:51]} Rfe8 {[%clk 0:13:40]} 19. Qd2 {[%clk 0:09:59]} Be4
{[%clk 0:13:08]} 20. Bxe4 {[%clk 0:09:20]} Rxe4 {[%clk 0:13:16]} 21. a3
{[%clk 0:09:23]} Nc6 {[%clk 0:12:43]} 22. Rfe1 {[%clk 0:08:47]} Rae8
{[%clk 0:09:41]} 23. Rxe4 {[%clk 0:08:07]} Rxe4 {[%clk 0:09:50]} 24. Qc2
{[%clk 0:08:05]} Re6 {[%clk 0:09:48]} 25. Ne1 {[%clk 0:07:36]} Na5
{[%clk 0:08:48]} 26. Nd3 {[%clk 0:07:33]} Qb3 {[%clk 0:08:55]} 27. Qxb3
{[%clk 0:07:17]} Nxb3 {[%clk 0:09:04]} 28. Kf1 {[%clk 0:07:16]} g5
{[%clk 0:06:52]} 29. f3 {[%clk 0:05:17]} Ra6 {[%clk 0:06:22]} 30. Be5
{[%clk 0:01:22]} Be7 {[%clk 0:05:49]} 31. Ke2 {[%clk 0:01:07]} Kf8
{[%clk 0:03:37]} 32. f4 {[%clk 0:00:38]} f6 {[%clk 0:03:24]} 33. Bb8
{[%clk 0:00:40]} Rb6 {[%clk 0:03:06]} 34. Bxa7 {[%clk 0:00:19]} Rb7
{[%clk 0:03:15]} 35. Bxc5 Nxc5 {[%clk 0:03:05]} 36. b4 {[%clk 0:00:19]} Ne4
{[%clk 0:03:07]} 37. Kf3 {[%clk 0:00:28]} Nc3 {[%clk 0:03:08]} 38. Ra1
{[%clk 0:00:35]} Bd8 {[%clk 0:02:31]} 39. f5 {[%clk 0:00:16]} Re7
{[%clk 0:02:23]} 40. Re1 {[%clk 0:00:25]} Ra7 {[%clk 0:02:29]} 41. Ra1
{[%clk 0:00:33]} h5 {[%clk 0:02:26]} 42. h3 {[%clk 0:00:41]} Be7 {[%clk 0:02:26]}
43. c5 {[%clk 0:00:20]} Ke8 {[%clk 0:02:29]} 44. h4 {[%clk 0:00:23]} gxh4
{[%clk 0:02:24]} 45. Nf4 {[%clk 0:00:33]} Ra4 {[%clk 0:02:08]} 46. Ne6
{[%clk 0:00:34]} Nd5 {[%clk 0:01:49]} 47. c6 {[%clk 0:00:29]} Bxb4
{[%clk 0:01:46]} 48. c7 {[%clk 0:00:38]} Kd7 {[%clk 0:01:55]} 49. Rc1
{[%clk 0:00:47]} Bc3 {[%clk 0:01:57]} 50. Nc5+ {[%clk 0:00:56]} 1-0

[Event "Rapid 2018"]
[Site "Saint-Petersburg"]
[Date "2018.12.28"]
[Round "12"]
[Board "53"]
[White "Popov Ivan (RUS)"]
[Black "Vitiugov Nikita (RUS)"]
[Result "1/2-1/2"]
[LiveChessVersion "1.4.8"]
[BlackElo "2632"]
[WhiteElo "2542"]

1. e4 {[%clk 0:15:16]} c5 {[%clk 0:15:02]} 2. Nf3 {[%clk 0:15:24]} Nf6
{[%clk 0:14:53]} 3. e5 {[%clk 0:15:01]} Nd5 {[%clk 0:15:01]} 4. Nc3
{[%clk 0:15:09]} Nxc3 {[%clk 0:15:09]} 5. dxc3 {[%clk 0:15:18]} Nc6
{[%clk 0:15:14]} 6. Bf4 {[%clk 0:15:23]} Qb6 {[%clk 0:14:57]} 7. b3
{[%clk 0:14:31]} e6 {[%clk 0:14:56]} 8. Qd2 {[%clk 0:14:21]} Qc7 {[%clk 0:14:59]}
9. Be2 {[%clk 0:13:55]} h6 {[%clk 0:14:27]} 10. h4 {[%clk 0:13:40]} b6
{[%clk 0:14:31]} 11. h5 {[%clk 0:13:21]} Bb7 {[%clk 0:14:38]} 12. Rh4
{[%clk 0:12:39]} Ne7 {[%clk 0:13:57]} 13. Rg4 {[%clk 0:12:11]} g5
{[%clk 0:12:27]} 14. hxg6 {[%clk 0:11:54]} Nxg6 {[%clk 0:12:17]} 15. O-O-O
{[%clk 0:11:05]} O-O-O {[%clk 0:12:12]} 16. Kb2 {[%clk 0:08:51]} Bg7
{[%clk 0:10:34]} 17. Qe3 {[%clk 0:07:34]} h5 {[%clk 0:10:18]} 18. Rg3
{[%clk 0:06:42]} h4 {[%clk 0:10:14]} 19. Rg4 {[%clk 0:06:01]} h3 {[%clk 0:09:35]}
20. gxh3 {[%clk 0:05:41]} Rxh3 {[%clk 0:09:34]} 21. Bg3 {[%clk 0:05:47]} Bh6
{[%clk 0:05:37]} 22. Qd3 {[%clk 0:04:53]} Bc6 {[%clk 0:05:03]} 23. Qa6+
{[%clk 0:03:48]} Kb8 {[%clk 0:05:02]} 24. Ng5 {[%clk 0:03:46]} Bxg5
{[%clk 0:03:52]} 25. Rxg5 {[%clk 0:03:55]} Rdh8 {[%clk 0:03:59]} 26. Bd3
{[%clk 0:03:02]} Ne7 {[%clk 0:02:57]} 27. Rg7 {[%clk 0:03:07]} Rf8
{[%clk 0:02:57]} 28. Qc4 {[%clk 0:03:01]} Rhh8 {[%clk 0:02:37]} 29. Qg4
{[%clk 0:02:41]} a5 {[%clk 0:02:18]} 30. Qg5 {[%clk 0:02:13]} Nd5
{[%clk 0:02:18]} 31. Bc4 {[%clk 0:02:04]} Qb7 {[%clk 0:01:57]} 32. Bxd5
{[%clk 0:02:02]} Bxd5 {[%clk 0:02:06]} 33. c4 {[%clk 0:02:03]} Bc6
{[%clk 0:02:07]} 34. a4 {[%clk 0:01:59]} Rh1 {[%clk 0:01:43]} 35. Rxh1
{[%clk 0:01:48]} Bxh1 {[%clk 0:01:51]} 36. Qe7 {[%clk 0:01:41]} Qc8
{[%clk 0:02:00]} 37. Rxf7 {[%clk 0:01:16]} Rxf7 {[%clk 0:02:08]} 38. Qxf7
{[%clk 0:01:25]} Be4 {[%clk 0:02:13]} 39. Bh4 {[%clk 0:01:17]} Bf5
{[%clk 0:02:01]} 40. Be7 {[%clk 0:01:01]} Kb7 {[%clk 0:01:55]} 41. Bd6
{[%clk 0:01:05]} Ka6 {[%clk 0:02:00]} 42. Qg7 {[%clk 0:00:34]} Ka7
{[%clk 0:01:58]} 43. Qf8 {[%clk 0:00:19]} 1/2-1/2

[Event "Rapid 2018"]
[Site "Saint-Petersburg"]
[Date "2018.12.28"]
[Round "12"]
[Board "54"]
[White "Adly Ahmed (EGY)"]
[Black "Kryakvin Dmitry (RUS)"]
[Result "1/2-1/2"]
[LiveChessVersion "1.4.8"]
[BlackElo "2529"]
[WhiteElo "2630"]

1. Nf3 {[%clk 0:15:17]} d5 {[%clk 0:15:19]} 2. g3 {[%clk 0:15:25]} c6
{[%clk 0:15:26]} 3. Bg2 {[%clk 0:15:34]} Bg4 {[%clk 0:15:34]} 4. O-O
{[%clk 0:15:40]} Nd7 {[%clk 0:15:43]} 5. d3 {[%clk 0:15:48]} e6 {[%clk 0:15:50]}
6. c4 {[%clk 0:15:42]} Ngf6 {[%clk 0:15:44]} 7. cxd5 {[%clk 0:15:45]} exd5
{[%clk 0:15:42]} 8. h3 {[%clk 0:15:53]} Bxf3 {[%clk 0:15:26]} 9. Bxf3
{[%clk 0:16:01]} Bc5 {[%clk 0:15:34]} 10. Bg2 {[%clk 0:16:03]} O-O
{[%clk 0:15:41]} 11. Nc3 {[%clk 0:16:08]} Re8 {[%clk 0:15:28]} 12. e4
{[%clk 0:15:52]} dxe4 {[%clk 0:15:08]} 13. dxe4 {[%clk 0:16:00]} Ne5
{[%clk 0:15:03]} 14. Bg5 {[%clk 0:15:44]} h6 {[%clk 0:14:43]} 15. Bxf6
{[%clk 0:15:27]} Qxf6 {[%clk 0:14:19]} 16. Kh2 {[%clk 0:15:14]} Qe6
{[%clk 0:07:14]} 17. Qc2 {[%clk 0:11:12]} Rad8 {[%clk 0:06:22]} 18. b3
{[%clk 0:09:33]} Nd3 {[%clk 0:04:56]} 19. Rad1 {[%clk 0:07:36]} Nb4
{[%clk 0:05:01]} 20. Qe2 {[%clk 0:07:16]} Bd4 {[%clk 0:04:10]} 21. Nb1
{[%clk 0:07:24]} Bb6 {[%clk 0:03:42]} 22. f4 {[%clk 0:06:48]} Qe7
{[%clk 0:02:34]} 23. Nc3 {[%clk 0:05:21]} Bd4 {[%clk 0:02:35]} 24. Nb1
{[%clk 0:05:24]} Bb6 {[%clk 0:02:44]} 25. e5 {[%clk 0:04:33]} Rxd1
{[%clk 0:02:16]} 26. Rxd1 Rd8 27. Nc3 {[%clk 0:04:01]} Rxd1 {[%clk 0:01:46]} 28.
Qxd1 {[%clk 0:04:09]} Qc5 {[%clk 0:01:45]} 29. Ne4 {[%clk 0:04:09]} Qe3
{[%clk 0:01:44]} 30. Nd6 {[%clk 0:03:54]} Nxa2 {[%clk 0:01:20]} 31. h4
{[%clk 0:03:54]} Nc3 {[%clk 0:00:49]} 32. Qg4 {[%clk 0:03:45]} Ne2
{[%clk 0:00:18]} 33. Qc8+ {[%clk 0:02:57]} Kh7 {[%clk 0:00:27]} 34. Be4+
{[%clk 0:03:06]} g6 {[%clk 0:00:36]} 35. Bxg6+ {[%clk 0:03:15]} fxg6
{[%clk 0:00:15]} 36. Qxb7+ {[%clk 0:03:06]} Kg8 {[%clk 0:00:15]} 37. Qc8+
{[%clk 0:03:14]} Kh7 {[%clk 0:00:23]} 38. Qd7+ {[%clk 0:03:21]} Kg8
{[%clk 0:00:29]} 39. Qe6+ {[%clk 0:03:20]} Kh7 {[%clk 0:00:36]} 40. Qe7+
{[%clk 0:03:25]} Kg8 {[%clk 0:00:43]} 41. Qe8+ {[%clk 0:03:23]} Kh7
{[%clk 0:00:52]} 42. Qf7+ {[%clk 0:03:28]} Kh8 {[%clk 0:01:00]} 43. Qf8+
{[%clk 0:01:41]} Kh7 {[%clk 0:01:09]} 44. Qe7+ {[%clk 0:01:50]} Kg8
{[%clk 0:01:12]} 45. Qe6+ {[%clk 0:01:59]} Kh7 {[%clk 0:01:17]} 46. Qd7+
{[%clk 0:02:07]} Kg8 {[%clk 0:01:22]} 47. Qf7+ {[%clk 0:00:32]} Kh8
{[%clk 0:01:31]} 48. Qf8+ {[%clk 0:00:40]} Kh7 {[%clk 0:01:41]} 49. Qe7+
{[%clk 0:00:49]} Kg8 {[%clk 0:01:49]} 50. Qe6+ {[%clk 0:00:52]} Kh7
{[%clk 0:01:56]} 51. Qf7+ {[%clk 0:00:59]} Kh8 {[%clk 0:02:04]} 52. Qe8+
{[%clk 0:01:06]} Kh7 {[%clk 0:02:10]} 53. Qe7+ {[%clk 0:01:14]} Kg8
{[%clk 0:02:17]} 54. Qe8+ {[%clk 0:01:20]} Kh7 {[%clk 0:02:25]} 55. Qd7+
{[%clk 0:01:26]} Kg8 {[%clk 0:02:33]} 56. Qc8+ {[%clk 0:01:27]} Kh7
{[%clk 0:02:38]} 57. Qd7+ {[%clk 0:00:54]} Kg8 {[%clk 0:02:46]} 58. Qf7+
{[%clk 0:01:03]} Kh8 {[%clk 0:02:55]} 59. Qf8+ {[%clk 0:01:12]} Kh7
{[%clk 0:03:04]} 60. Qe7+ {[%clk 0:01:21]} Kg8 {[%clk 0:03:12]} 61. Qf7+
{[%clk 0:01:28]} Kh8 {[%clk 0:03:21]} 62. Qf6+ {[%clk 0:01:36]} Kh7
{[%clk 0:03:29]} 63. Qe7+ {[%clk 0:01:45]} Kg8 {[%clk 0:03:36]} 64. Qe8+
{[%clk 0:01:53]} Kh7 {[%clk 0:03:45]} 65. Qf7+ {[%clk 0:02:01]} Kh8
{[%clk 0:03:53]} 66. Qf8+ {[%clk 0:02:09]} Kh7 {[%clk 0:04:02]} 67. Qf7+
{[%clk 0:02:18]} Kh8 {[%clk 0:04:11]} 68. Qf8+ {[%clk 0:02:27]} 1/2-1/2

[Event "Rapid 2018"]
[Site "Saint-Petersburg"]
[Date "2018.12.28"]
[Round "12"]
[Board "55"]
[White "Kovalev Vladislav (BLR)"]
[Black "Carlsson Pontus (SWE)"]
[Result "0-1"]
[LiveChessVersion "1.4.8"]
[BlackElo "2463"]
[WhiteElo "2624"]

1. e4 {[%clk 0:15:19]} c5 {[%clk 0:15:18]} 2. Be2 {[%clk 0:15:28]} g6
{[%clk 0:15:25]} 3. d3 {[%clk 0:15:35]} Bg7 {[%clk 0:15:33]} 4. f4
{[%clk 0:15:44]} Nc6 {[%clk 0:15:37]} 5. Nf3 {[%clk 0:15:53]} d5 {[%clk 0:15:31]}
6. c3 {[%clk 0:15:37]} e6 {[%clk 0:15:34]} 7. O-O {[%clk 0:15:40]} Nge7
{[%clk 0:15:40]} 8. Na3 {[%clk 0:15:49]} O-O {[%clk 0:15:38]} 9. Nc2
{[%clk 0:15:58]} b6 {[%clk 0:14:48]} 10. Be3 {[%clk 0:16:06]} Ba6
{[%clk 0:12:59]} 11. e5 {[%clk 0:16:14]} Qd7 {[%clk 0:12:44]} 12. a3
{[%clk 0:15:46]} Rac8 {[%clk 0:11:24]} 13. b4 {[%clk 0:15:18]} d4
{[%clk 0:11:10]} 14. cxd4 {[%clk 0:15:23]} cxb4 {[%clk 0:06:33]} 15. axb4
{[%clk 0:15:32]} Bb7 {[%clk 0:06:33]} 16. Qd2 {[%clk 0:15:41]} Nd5
{[%clk 0:05:22]} 17. Bf2 {[%clk 0:15:36]} a6 {[%clk 0:05:19]} 18. Ng5
{[%clk 0:14:51]} Nce7 {[%clk 0:05:09]} 19. Na3 {[%clk 0:14:21]} f6
{[%clk 0:04:26]} 20. exf6 {[%clk 0:12:51]} Rxf6 {[%clk 0:04:30]} 21. g3
{[%clk 0:12:59]} Nf5 {[%clk 0:03:47]} 22. Nc4 {[%clk 0:12:47]} Rff8
{[%clk 0:03:45]} 23. Ne5 {[%clk 0:10:57]} Qe7 {[%clk 0:00:51]} 24. Bf3
{[%clk 0:11:03]} Bf6 {[%clk 0:00:16]} 25. Bg2 {[%clk 0:10:27]} Rc7
{[%clk 0:00:15]} 26. Rab1 {[%clk 0:08:21]} Rfc8 27. Rb2 b5 {[%clk 0:00:12]} 28.
Ne4 {[%clk 0:08:23]} Nc3 {[%clk 0:00:11]} 29. Re1 {[%clk 0:08:05]} Na4
{[%clk 0:00:17]} 30. Ra2 {[%clk 0:06:47]} Bd5 {[%clk 0:00:26]} 31. Nxf6+
{[%clk 0:05:11]} Qxf6 {[%clk 0:00:35]} 32. Bxd5 {[%clk 0:05:20]} exd5
{[%clk 0:00:44]} 33. g4 {[%clk 0:05:29]} Ng7 {[%clk 0:00:20]} 34. Be3
{[%clk 0:05:13]} h5 {[%clk 0:00:14]} 35. Qg2 {[%clk 0:04:20]} Nc3
{[%clk 0:00:20]} 36. f5 {[%clk 0:03:50]} gxf5 {[%clk 0:00:20]} 37. Rf2
{[%clk 0:02:47]} hxg4 {[%clk 0:00:26]} 38. Nxg4 {[%clk 0:02:56]} Qg6
{[%clk 0:00:27]} 39. Nh6+ {[%clk 0:02:09]} Kh7 {[%clk 0:00:37]} 40. Qxg6+
{[%clk 0:02:17]} Kxg6 {[%clk 0:00:45]} 41. Bf4 {[%clk 0:02:27]} Rb7
{[%clk 0:00:19]} 42. Re3 {[%clk 0:01:13]} Re8 {[%clk 0:00:14]} 43. Rg2+
{[%clk 0:00:42]} Kh7 {[%clk 0:00:21]} 44. Be5 {[%clk 0:00:29]} Re6
{[%clk 0:00:17]} 45. Reg3 {[%clk 0:00:13]} Rxe5 {[%clk 0:00:15]} 46. dxe5
{[%clk 0:00:21]} Kxh6 {[%clk 0:00:23]} 47. Rh3+ {[%clk 0:00:18]} Nh5
{[%clk 0:00:32]} 48. Kf1 {[%clk 0:00:18]} d4 {[%clk 0:00:20]} 49. Rg8
{[%clk 0:00:21]} Rh7 {[%clk 0:00:20]} 50. Rh4 {[%clk 0:00:16]} f4
{[%clk 0:00:16]} 51. Rhg4 {[%clk 0:00:21]} Rg7 {[%clk 0:00:20]} 52. Rh8+
{[%clk 0:00:21]} Rh7 {[%clk 0:00:29]} 53. Ra8 {[%clk 0:00:19]} Rg7
{[%clk 0:00:32]} 54. Rxa6+ {[%clk 0:00:25]} Kh7 {[%clk 0:00:40]} 55. Rh4
{[%clk 0:00:15]} Rg5 56. e6 Nd5 {[%clk 0:00:53]} 57. Rd6 {[%clk 0:00:22]} Kg7
{[%clk 0:00:50]} 58. Kf2 {[%clk 0:00:15]} Kf6 {[%clk 0:00:52]} 59. Kf3
{[%clk 0:00:23]} Ke7 {[%clk 0:00:52]} 60. Rd7+ {[%clk 0:00:17]} Kxe6
{[%clk 0:00:59]} 61. Rh7 {[%clk 0:00:23]} Ndf6 {[%clk 0:00:59]} 62. Rb7
{[%clk 0:00:27]} Re5 {[%clk 0:01:04]} 63. Kf2 {[%clk 0:00:18]} Kf5
{[%clk 0:00:39]} 64. Rf7 {[%clk 0:00:23]} Kg6 {[%clk 0:00:34]} 65. Rc7
{[%clk 0:00:21]} Re3 {[%clk 0:00:33]} 66. Rc5 {[%clk 0:00:22]} Rxd3
{[%clk 0:00:38]} 67. Rxb5 Rb3 {[%clk 0:00:33]} 68. Ke2 {[%clk 0:00:29]} d3+
{[%clk 0:00:35]} 69. Kd1 {[%clk 0:00:13]} f3 {[%clk 0:00:34]} 70. Rh3
{[%clk 0:00:22]} f2 {[%clk 0:00:24]} 71. Rf3 {[%clk 0:00:31]} Ne4
{[%clk 0:00:18]} 72. Rb6+ {[%clk 0:00:38]} Nhf6 {[%clk 0:00:26]} 73. Rc6
{[%clk 0:00:41]} Rxb4 {[%clk 0:00:22]} 74. h4 {[%clk 0:00:50]} Rb1+
{[%clk 0:00:23]} 75. Rc1 {[%clk 0:00:59]} Rxc1+ {[%clk 0:00:30]} 76. Kxc1
{[%clk 0:01:08]} Nd5 {[%clk 0:00:22]} 0-1